| 000 | 00587nam a2200217Ia 4500 | ||
|---|---|---|---|
| 005 | 20251020182455.0 | ||
| 008 | 200515s9999 xx 000 0 und d | ||
| 082 | _a624.036.18/I59 | ||
| 110 | _aInstituto de la Construcción y Gerencia | ||
| 245 | 0 | _aSistemas de Construcción de VIVIENDAS. II Congreso Internacional de la Construcción | |
| 250 | _a1a ed. | ||
| 260 | _aLima | ||
| 260 | _bICG | ||
| 260 | _c2004 | ||
| 300 | _a78 p. | ||
| 300 | _btbl., col., graf. | ||
| 500 | _a1 ejemplar | ||
| 650 | _aSISTEMAS DE CONSTRUCCION DE VIVIENDAS | ||
| 942 | _cLIB | ||
| 999 |
_c993 _d993 |
||